00285nam a2200121Ia 4500008004100000082001600041100001500057245004300072250000800115260002400123300000800147650000800155191201s2013 xx 000 0 und d a005.43bTAP aTAXALI,R K 0aPC Software for windows 98 made simple arep aN. delhibTMHc2013 a735 aBBA